| 000 | 00383cam a2200157ua 4500 | ||
|---|---|---|---|
| 041 |
_ahin _h |
||
| 082 |
_a891.8121 _bSAN/MA |
||
| 100 | _aSandeepani, . | ||
| 245 |
_amahabharatham: Streeparvam / _cSandeepani. _hTextual Documents |
||
| 250 |
_a1 / _b. |
||
| 260 |
_aKozhikode : _bTouring book stall , _c1950. |
||
| 300 | _a90. | ||
| 504 | _a | ||
| 942 | _cBK | ||
| 999 |
_c4091 _d4091 |
||